000
00278nam a2200133Ia 4500
100
_a
Srivastava/ S.B
942
_c
BK
654
_a
Mechanicial
245
_a
Mechanical engineering
260
_b
Asia Pub.
_a
Bombay
_c
1977
082
_a
621
300
_a
430
546
_a
ENGLISH
999
_c
23193
_d
23193